书目信息 |
| 题名: |
无伸缩缝桥梁
|
|
| 作者: | 陈宝春 , 庄一舟 , 黄福云 著 | |
| 分册: | ||
| 出版信息: | 北京 人民交通出版社股份有限公司 2019 |
|
| 页数: | 377页 | |
| 开本: | 26cm | |
| 丛书名: | 交通运输科技丛书 | |
| 单 册: | ||
| 中图分类: | U448.29 | |
| 科图分类: | ||
| 主题词: | 桥梁工程--qiao liang gong cheng | |
| 电子资源: | ||
| ISBN: | 978-7-114-15651-9 | |
| 000 | 01367nam 2200349 450 | |
| 001 | 0100028323 | |
| 005 | 20211025120153.0 | |
| 010 | @a978-7-114-15651-9@dCNY98.00 | |
| 099 | @aCAL 012019130185 | |
| 100 | @a20191009d2019 em y0chiy50 ea | |
| 101 | 0 | @achi |
| 102 | @aCN@b110000 | |
| 105 | @aak a 000yy | |
| 106 | @ar | |
| 200 | 1 | @a无伸缩缝桥梁@Awu shen suo feng qiao liang@d= Jointless bridges@f陈宝春 ... [等] 著@zeng |
| 205 | @a第2版 | |
| 210 | @a北京@c人民交通出版社股份有限公司@d2019 | |
| 215 | @a377页@c图@d26cm | |
| 225 | 2 | @a交通运输科技丛书@Ajiao tong yun shu ke ji cong shu@i公路基础设施建设与养护 |
| 300 | @a“十三五”国家重点图书出版规划项目 | |
| 304 | @a题名页题: 陈宝春, 庄一舟, 黄福云, Bruno Briseghella著。 | |
| 320 | @a有书目 (第362-377页) | |
| 330 | @a本书从桥梁结构的温度变形与伸缩缝、伸缩装置设计入手,介绍了整体桥、半整体桥、延伸桥面板桥等各种无伸缩缝桥梁的基本概念、结构与构造、受力计算、设计、施工及养护,并就无缝桥的特殊结构和专题研究进行了讨论。 | |
| 410 | 0 | @12001 @a交通运输科技丛书@i公路基础设施建设与养护 |
| 510 | 1 | @aJointless bridges@zeng |
| 606 | 0 | @a桥梁工程@Aqiao liang gong cheng |
| 690 | @aU448.29@v5 | |
| 701 | 0 | @a陈宝春@Achen bao chun@4著 |
| 701 | 0 | @a庄一舟@Azhuang yi zhou@4著 |
| 701 | 0 | @a黄福云@Ahuang fu yun@4著 |
| 801 | 0 | @aCN@c20210909 |
| 905 | @a河南城建学院图书馆@dU448.29@eC360 | |
| 无伸缩缝桥梁= Jointless bridges/陈宝春 ... [等] 著.-第2版.-北京:人民交通出版社股份有限公司,2019 |
| 377页:图;26cm.-(交通运输科技丛书.公路基础设施建设与养护) |
| “十三五”国家重点图书出版规划项目 |
| ISBN 978-7-114-15651-9:CNY98.00 |
| 本书从桥梁结构的温度变形与伸缩缝、伸缩装置设计入手,介绍了整体桥、半整体桥、延伸桥面板桥等各种无伸缩缝桥梁的基本概念、结构与构造、受力计算、设计、施工及养护,并就无缝桥的特殊结构和专题研究进行了讨论。 |
| ● |
| 相关链接 |
|
|
|
正题名:无伸缩缝桥梁
索取号:U448.29/C360
 
预约/预借
| 序号 | 登录号 | 条形码 | 馆藏地/架位号 | 状态 | 备注 |
| 1 | 1544906 | 215449067 | 自科库501/501自科库 55排3列5层/ [索取号:U448.29/C360] | 在馆 | |
| 2 | 1544907 | 215449076 | 自科库501/501自科库 55排3列5层/ [索取号:U448.29/C360] | 在馆 |